00353nam a2200145Ia 450000100060000000800410000602000180004704000130006508200200007810000180009824500640011626000090018030000110018954600070020013539140402s9999 xx 000 0 und d a0-256-21765-3 cPK-LaUMT a 658.408bVER-B aVernon, Heidi aBusiness and society : A managerial approachcVernon, Heidi c1998 a632 p. aEN